000 00306nam a2200133Ia 4500
008 191201s2005 xx 000 0 und d
100 _aBEDI, Kiran
245 0 _a" I Dare" : A Biography
250 _a3rd
260 _aN.Delhi
_bUBSPD,
_c2005
300 _a370
650 _aGeneral Books
942 _2ddc
_cBK
999 _c1691
_d1691